| 000 | 00652nam a2200193 a 4500 | ||
|---|---|---|---|
| 008 | 120416s1988 ||||||||||||||||| || u | ||
| 020 | _a0553278053 | ||
| 050 | _aHC 102.5.I2 Iac | ||
| 100 | _aIacocca, Lee | ||
| 245 | 1 | 0 | _aTalking straight |
| 260 |
_aNew York _bBantam Books _c1988 |
||
| 300 | _axiv, 337p. : ill. | ||
| 350 | _a0.00 | ||
| 650 | _aBUSINESSMEN--UNITED STATES--BIOGRAPHY | ||
| 650 | _aIACOCCA, LEE A.--PHILOSOPHY | ||
| 650 | 0 | _aBUSINESS | |
| 700 | _aKleinfield, Sonny | ||
| 995 |
_D0.00 _FCBU-MAIN LIBRARY (Kitwe) _H1 _I5.50 _M1 _UAVAILABLE _ZMain Library Open Access Collection |
||
| 999 |
_c59365 _d59365 |
||